[Event "ARG-ch sf 97th"]
[Site "Buenos Aires"]
[Date "2022.09.12"]
[Round "6"]
[White "Avila, Federico"]
[Black "Rojo, Gonzalo"]
[Result "0-1"]
[WhiteElo "1468"]
[BlackElo "1978"]
[PlyCount "126"]
[EventDate "2022.09.08"]
[EventType "swiss"]
[EventRounds "9"]
[EventCountry "ARG"]
[SourceTitle "CBM 210 Extra"]
[Source "ChessBase"]
[SourceDate "2022.11.30"]
[SourceVersion "1"]
[SourceVersionDate "2022.11.30"]
[SourceQuality "1"]

1. e4 c6 2. d4 d5 3. Nd2 dxe4 4. Nxe4 Nd7 5. Nf3 Ngf6 6. Bd3 Nxe4 7. Bxe4 Nf6 8. Bd3 Bg4 9. h3 Bxf3 10. Qxf3 Qxd4 11. c3 Qe5+ 12. Qe2 Qxe2+ 13. Bxe2 e6 14. 0-0 Be7 15. Bf4 Nd5 16. Be5 Bf6 17. Bd6 0-0-0 18. Bg3 Nb6 19. Rfd1 Na4 20. Rab1 g6 21. Bd6 Rd7 22. Ba3 Rhd8 23. Rxd7 Rxd7 24. Rd1 Be7 25. Bxe7 Rxe7 26. Rd2 Rd7 27. Rc2 Kc7 28. b3 Nc5 29. Kf1 e5 30. f3 f5 31. b4 Na4 32. Bc4 Nb6 33. Be6 Rd6 34. Bg8 h6 35. c4 Nd7 36. c5 Rd4 37. Bh7 Nf8 38. Bg8 Rxb4 39. Bf7 Kd7 40. Rd2+ Ke7 41. Bg8 Rb5 42. Rc2 Nd7 43. Bh7 Kf7 44. Rd2 Nf6 45. Rd6 Nxh7 46. Rd7+ Kg8 47. Rd8+ Nf8 48. Ra8 a6 49. Rb8 Kf7 50. Rc8 Ne6 51. Rh8 h5 52. g4 hxg4 53. hxg4 fxg4 54. fxg4 Rxc5 55. Rb8 Rb5 56. Rc8 Rb2 57. Rb8 Kf6 58. a4 Kg5 59. Re8 Nf4 60. Rxe5+ Kxg4 61. Re7 Kf3 62. Ke1 Re2+ 63. Rxe2 Nxe2 0-1

[Event "ARG-ch sf 97th"]
[Site "Buenos Aires"]
[Date "2022.09.08"]
[Round "1"]
[White "Rojo, Gonzalo"]
[Black "Pierrot, Juan Facundo"]
[Result "0-1"]
[WhiteElo "1978"]
[BlackElo "2371"]
[PlyCount "70"]
[EventDate "2022.09.08"]
[EventType "swiss"]
[EventRounds "9"]
[EventCountry "ARG"]
[SourceTitle "CBM 210 Extra"]
[Source "ChessBase"]
[SourceDate "2022.11.30"]
[SourceVersion "1"]
[SourceVersionDate "2022.11.30"]
[SourceQuality "1"]

1. d4 Nf6 2. Nf3 g6 3. c4 Bg7 4. g3 0-0 5. Bg2 d6 6. 0-0 Nbd7 7. Nc3 e5 8. e4 exd4 9. Nxd4 Re8 10. Re1 Nc5 11. Nc2 Bg4 12. f3 Be6 13. Bf1 Qd7 14. Be3 Bh3 15. Qd2 Rad8 16. Rad1 Bxf1 17. Rxf1 a6 18. Rfe1 Qc8 19. Nd4 c6 20. Bg5 b5 21. cxb5 axb5 22. b4 Ncd7 23. Rc1 Ne5 24. Kg2 Qb7 25. Qe2 Ra8 26. Nb3 h6 27. Be3 Nc4 28. Bd4 Nd5 29. Bxg7 Kxg7 30. Nxd5 cxd5 31. Rc2 dxe4 32. fxe4 f5 33. Nd4 Rxe4 34. Qf3 Ra3 35. Nb3 Ne5 0-1

[Event "South America-ch U18 16th"]
[Site "Buenos Aires"]
[Date "2019.12.01"]
[Round "1.9"]
[White "Benitez Galeano, Alejandro"]
[Black "Rojo, Gonzalo"]
[Result "1-0"]
[WhiteElo "2177"]
[BlackElo "1824"]
[PlyCount "117"]
[EventDate "2019.12.01"]
[EventType "swiss"]
[EventRounds "9"]
[EventCountry "ARG"]
[SourceTitle "EXT 2024"]
[Source "ChessBase"]
[SourceDate "2023.10.10"]
[SourceVersion "1"]
[SourceVersionDate "2023.10.10"]
[SourceQuality "1"]

1. Nf3 Nf6 2. c4 c6 3. g3 d5 4. Bg2 g6 5. 0-0 Bg7 6. cxd5 cxd5 7. d4 0-0 8. Ne5 Nc6 9. Nxc6 bxc6 10. Nc3 e6 11. Bf4 Nh5 12. Be3 Re8 13. Rc1 Bd7 14. Na4 e5 15. dxe5 Bxe5 16. Re1 Ng7 17. Bd4 Bxd4 18. Qxd4 Ne6 19. Qd2 Qe7 20. h4 Rab8 21. b3 Qb4 22. Red1 Qxd2 23. Rxd2 f5 24. e3 Kf7 25. Nc5 Nxc5 26. Rxc5 Rb4 27. Ra5 Ke7 28. Rxa7 Kd6 29. Bf3 h6 30. Rd3 g5 31. a3 Rbb8 32. b4 Rg8 33. Ra5 Be6 34. Kh2 Ra8 35. Rc5 Rgb8 36. Rdc3 Bd7 37. Kg2 Ra7 38. hxg5 hxg5 39. Rd3 Be6 40. Kf1 Rb5 41. Bxd5 Bxd5 42. Rdxd5+ cxd5 43. Rxb5 Rxa3 44. Rb6+ Ke5 45. Rb8 Rb3 46. b5 f4 47. exf4+ gxf4 48. gxf4+ Kxf4 49. b6 Ke5 50. b7 Kd6 51. Rd8+ Kc7 52. Rxd5 Rxb7 53. Kg2 Kc6 54. Rd4 Rd7 55. Rxd7 Kxd7 56. Kf3 Ke7 57. Kf4 Kf6 58. f3 Kf7 59. Kf5 1-0